mysqli: Table './ulib62015/stat_globaluid' is marked as crashed and should be repaired
select id from stat_globaluid where statuid='20260518005004_1520'
mysqli: Table './ulib62015/stat_globaluid' is marked as crashed and should be repaired
DELETE FROM stat_globaluid
WHERE id NOT IN (
SELECT id
FROM (
SELECT id
FROM stat_globaluid
ORDER BY id DESC
LIMIT 100
) foo
);
mysqli: Table './ulib62015/stat_globaluid' is marked as crashed and should be repaired
insert into stat_globaluid set
statuid='20260518005004_1520',
dt='1779040204',
phpself='/ULIB62015/dublinfull.php',
agent='Mozilla/5.0 AppleWebKit/537.36 (KHTML, like Gecko; compatible; ClaudeBot/1.0; +claudebot@anthropic.com)',
yea='2026',
mon='5',
dat='18',
ip='216.73.216.45'
mysqli: Table './ulib62015/stathist_viewbib_bib_type' is marked as crashed and should be repaired
insert into stathist_viewbib_bib_type set
dat='18' ,
mon='05' ,
yea='2026' ,
statuid='20260518005004_1520' ,
head='24322' ,
foot='marc' ,
dt='1779040204'
| LEADER : 01174nam 2200277 a 4500 |
| 001 24322 |
| 003 ULIB |
| 008 030417s2544 caua sb 001 0 tha |
| 060 04 ^aQV767^bย442ห 2544
|
| 100 ^aยุวดี จอมพิทักษ์
|
| 245 10 ^aเหงือกปลาหมอ :^bภูมิปัญญาไท สมุนไพรพื้นบ้าน /^cยุวดี จอมพิทักษ์, ผู้เรียบเรียง
|
| 246 31 ^aสมุนไพรอายุวัฒนะเหงือกปลาหมอรักษาได้สารพัดโรค
|
| 260 ^aกรุงเทพฯ :^bธารบัวแก้ว,^c2544
|
| 300 ^a144 หน้า :^bภาพประกอบ;^c17 ซม.
|
| 490 0 ^aชุดภูมิปัญญาไท สมุนไพรพื้นบ้าน
|
| 650 4 ^aสมุนไพรพื้นบ้าน
|
| 650 4 ^aสมุนไพร
|
| 945 ^p140^l0^i004113 |
| 999 ^alib
|
| คุณยังไม่ได้ล็อกอิน คุณสามารถมีกิจกรรมร่วมกับเว็บไซต์ได้ แต่ต้องล็อกอินก่อน :: |
|
|
|
| ลำดับที่ |
ประเภท |
เลขเรียก/บาร์โค้ด |
สถานที่ |
สถานะ |
| 1. |
 หนังสือ | QV767 ย442ห 2544 Barcode: 004113 | หนังสือทั่วไป | บนชั้น ขอยืม |
รายการใกล้เคียง
ผู้แต่ง [ยุวดี จอมพิทักษ์]
หัวเรื่อง [สมุนไพรพื้นบ้าน] หัวเรื่อง [สมุนไพร]
|
|
ยังไม่เคยถูกคอมเมนท์
|
| คอมเมนท์ทรัพยากรรายการนี้ |
|